000 01234cam a2200361 i 4500
003 EG-GICUC
005 20260311092918.0
008 260311s1997 enk frb 001 0 eng d
020 _a0421599707
020 _a9780421599703
040 _aEG-GICUC
_cEG-GICUC
_dEG-GICUC
_beng
_erda
043 _ae-uk---
050 0 0 _aKD680
_b.D5 1993
082 0 0 _a341.84
_221
092 0 4 _221
099 _aLaw 12 1997
245 0 0 _aDicey and Morris on the conflict of laws :
_nFourth cumulative supplement to the Twelfth edition.
246 3 0 _aConflict of laws
246 1 4 _aDicey & Morris, the conflict of laws
250 _a12th ed. /
_bunder the general editorship of Lawrence Collins with specialist editors.
264 _aLondon :
_bSweet & Maxwell,
_c1997.
300 _axlvi, 291 pages ;
_c26 cm.
336 _atext
_2rdacontent
337 _aComputer
_2rdamedia
338 _aOnline Resource
_2rdacarrier
650 0 _aConflict of laws
_zGreat Britain.
700 1 _aDicey, A. V.
_q(Albert Venn),
_d1835-1922.
700 1 _aMorris, John Humphrey Carlile.
700 1 _aCollins, Lawrence
_q(Lawrence Antony)
856 4 0 _uhttps://fll.law.cu.edu.eg/fulltext/bks/ENGB12-00055.pdf
905 _a10
942 _2ddc
_cBK
_e21
_n0
999 _c66006
_d66006